000 01289cab a22002175a 4500
001 L141798
008 071221s2007 xxk f 000 0 eng d
035 _a(Sirsi) u141798
041 0 _aeng
100 1 _aFowler, Steven
245 0 0 _aTenancy deposit protection
_bend of tenancy
260 _c2007
490 _aLetting Update Journal
_v15(3) October 2007, 18-23(5)
520 _aCovers the issues raised by the end of an Assured Shorthold Tenancy agreement under the Housing Act 2004, and the return of a deposit safeguarded by a tenancy deposit protection scheme. Since April 2007, it has been mandatory to register deposits with such a scheme. The first wave of six-month tenancies are now coming to an end. Covers the key issues which landlords must be aware of in various circumstances when arranging for the forfeiture, part or full return of a deposit. Covers Alternative Dispute Resolution in the context of disputed deposits.
590 _aKA
650 2 4 _aHOUSING ACT 2004
651 4 _aUnited Kingdom
_y
690 _aPROPERTY-RESIDENTIAL PROPERTY-RESIDENTIAL LANDLORD AND TENANT-RESIDENTIAL TENANCIES-ASSURED TENANCIES
690 _aMANAGEMENT-DISPUTE AVOIDANCE, MANAGEMENT AND RESOLUTION-DISPUTE MANAGEMENT AND RESOLUTION-ALTERNATIVE DISPUTE RESOLUTION
942 _n0
999 _c79586
_d79586